000 00846cam a22002891 4500
001 9349914
003 OSt
005 20230626084721.0
008 740523s1957 enka b 000 0 eng
010 _a 58020480
015 _aGB57-15706
035 _a(OCoLC)893637
040 _aDLC
_cN
_dOCoLC
_dNN
_dUk
_dDLC
042 _apremarc
082 _a330.968
_bKIE
100 1 _aHamilton, Genesta,
_cLady,
_d1899-
245 1 0 _aPrinces of Zinj,
_bthe rulers of Zanzibar.
_cForeword by Elspeth Huxley.
260 _aLondon,
_bHutchinson
_c[c1957]
300 _a272 p.
_billus.
_c22 cm.
500 _a"First published 1957."
504 _aIncludes bibliography.
600 0 0 _aTippu Tip,
_d-1905.
650 0 _aSlave trade
_zAfrica, East.
651 0 _aZanzibar
_xHistory.
906 _a7
_bcbc
_coclcrpl
_du
_encip
_f19
_gy-gencatlg
942 _2ddc
_cBK
999 _c2584
_d2584